000 01027nam a2200325 a 4500
001 000044472
003 DO-SdBNP
005 20171103111328.0
007 000044472
008 140702s2006 dr a 000 0 spa d
020 _z9945405172
040 _aBPMET
_bspa
_cBPMET
092 _axxxx
_bH519e, 2006
100 1 _aHenríquez Ureña, Pedro,
_d1884-1946.
245 1 0 _aEn los volcanes /
_cPedro Henríquez Ureña ; edición Tomás Castro Burdiez ; ilustraciones Rubén Peña.
250 _a2a ed.
260 _aSanto Domingo :
_bEDUCARTE,
_c2006.
300 _a16 p. :
_bil. ;
_c27 cm.
490 1 _aInfantil Educarte
_v1
700 1 2 _aCastro Burdiez, Tomás
_eed.
700 1 2 _aPeña, Rubén
_eil.
710 2 _aFundación para la Educación y el Arte (EDUCARTE)
830 0 _aInfantil Educarte ;
_n1
930 1 _l
_m
_8
_f
_p
_g
930 1 _l
_m
_8
_f
_p
_g
_h
942 _2ddc
_cBK
945 _aInventariado infantil dom / 2017
956 _a
_b
_c
_l
_h
956 _aVMATEO
_b10
_c20140702
_lBPMSU
_h0069
999 _c7320
_d7320